| 000 | 00398nam a2200145Ia 4500 | ||
|---|---|---|---|
| 008 | 230519s9999 xx 000 0 und d | ||
| 020 | _a978-93-81390-07-8 | ||
| 041 | _aeng | ||
| 082 | _a610.7362/SR/DB0383 | ||
| 100 |
_aSr Lissy Thomas _9180358 |
||
| 245 | _aClinical Nursing Pediatric Procedure Manual | ||
| 260 |
_bS Vikas and Co _aJalandhar _c2013 |
||
| 300 | _a184 | ||
| 999 |
_c159194 _d159194 |
||